000 01152pam a2200265 a 4500
001 3399917
005 19900223110247.0
008 890426r19891971nyua b 001 0 eng
010 _a89034046
020 _a0486260712
_c$8.95
040 _aDLC
_cDLC
_dDLC
050 0 0 _aTH5606
_b.C37 1989
082 0 0 _a624.184
_220
_bCAP
130 0 _aCarpenter.
_97225
245 1 0 _aCarpentry for Building Construction /
_cby U.S. Department of the Army.
260 _aNew York :
_bDover Publications,
_c1989.
300 _a1 v. (various pagings) :
_bill. ;
_c28 cm.
500 _aReprint. Originally published: Carpenter. Washington, D.C. : U.S. G.P.O., 1971. Originally published in series: Technical manual / Department of the Army ; TM5-551B.
504 _aIncludes bibliographical references.
650 0 _aCarpentry.
_97226
710 1 _aUnited States.
_bDept. of the Army.
_97227
942 _2ddc
_cBB
999 _c12115
_d12115